| 000 | 01521nam a22002777i 4500 | ||
|---|---|---|---|
| 001 | IT\ICCU\LO1\0250463 | ||
| 003 | ItRI | ||
| 005 | 20260115231903.0 | ||
| 008 | 930202s1993 it |||||| ||||| |||||c | ||
| 020 | _a882001498X | ||
| 040 |
_bita _cimportazione bologna sebina |
||
| 041 | 7 |
_aita _2ISO-639-2 |
|
| 082 |
_a813.54 _9NARRATIVA AMERICANA IN LINGUA INGLESE. 1945- _219 |
||
| 100 | 1 |
_aKing, Stephen, _d (1947- ) _0IT\ICCU\CFIV\000568 _4aut |
|
| 240 | 1 | 0 |
_aGeraldʼs game. _3IT\ICCU\BVE\0042827 _9King, Stephen <1947- > |
| 245 | 1 | 3 |
_aIl gioco di Gerald / _cStephen King ; traduzione di Tullio Dobner. |
| 250 | _a4. ed | ||
| 260 |
_aMilano : _bSperling & Kupfer, _c1993 |
||
| 300 |
_a367 p. : _b1 c. geogr. ; _c22 cm. |
||
| 520 | _aIn una casa isolata su un lago, Jessie si piega all'ennesima fantasia sessuale del marito Gerald, che questa volta l'ammanetta al massiccio letto in legno. Ma quando umiliata, lei lo allontana con un calcio, l'uomo si affloscia inerte, stroncato da un infarto. Il tempo passa e Jessie, immobilizzata e dolorante, sembra votata a una morte lenta, resa ancora più atroce dalla comparsa di un affamato cane randagio e da un'ombra misteriosa e irreale che fa capolino nella stanza... | ||
| 700 | 1 |
_aDobner, Tullio _0IT\ICCU\CFIV\017568 |
|
| 790 | 1 |
_aBachman, Richard _3IT\ICCU\CFIV\019520 _zKing, Stephen (1947- ) |
|
| 790 | 1 |
_aEvans, Beryl _c (pseudonimo) _3IT\ICCU\CFIV\336284 _zKing, Stephen (1947- ) |
|
| 830 | 0 |
_aPandora ; _v628 _0IT\ICCU\CFI\0000150 |
|
| 942 |
_2ddc _cBK _n0 |
||
| 999 |
_c13225 _d13225 |
||